| 000 | 00771nam a2200229 a 4500 | ||
|---|---|---|---|
| 001 | BRCA_939 | ||
| 005 | 20190320203220.0 | ||
| 008 | 910827s1991 mx-a---##b---#001-0#spa-# | ||
| 020 | _a9687009284 | ||
| 040 |
_aDLC _cDLC |
||
| 050 | 4 |
_aN7628.C6 _b.Z38 1991 |
|
| 100 | 1 |
_aZavala, Silvio Arturo _d1909- _9562 |
|
| 245 | 1 | 0 |
_aEl descubrimiento colombino en el arte de los siglos XIX y XX _cSilvio Zavala. |
| 260 |
_aMéxico _bFomento Cultural Banamex _c1991 |
||
| 300 |
_a230 p. _bil. _c30 cm. |
||
| 500 | _aIncluye índice de nombres de personas, establecimientos y lugares | ||
| 504 | _aBibliografía: p. 125-129 | ||
| 600 | 1 | 4 |
_aColumbus, Christopher _xRetratos _93105 |
| 650 | 1 | 4 |
_aArte moderno _ySiglo XIX _93106 |
| 650 | 1 | 4 |
_aArte moderno _ySiglo XX _91863 |
| 942 |
_2lcc _cB |
||
| 999 |
_c828 _d828 |
||